000 00684nam a2200205Ia 4500
003 IN-BaIIA
008 211028s9999 xx 000 0 eng d
020 _a471-12430-3
040 _cIIA Library
080 _a539.19
_bTRA
245 0 _aTransfer and storage of energy by molecules
_bvol. 1, electronic energy
_cedited by George M. Burnett and Alastair M. North
260 _aLondon
_bWiley-Interscience
_c1969
300 _axv, 234p.
650 _aElectron energy
_96101
650 _aMolecular physics
_91914
650 _aNASA thesaurus
700 _aBurnett, George M., ed.
_96102
700 _aNorth, Alastair M., ed.
_96103
942 _cBK
999 _c3449
_d3449